Diccionario de expresiones y frases latinas
সংরক্ষণ করুন:
| প্রধান লেখক: | |
|---|---|
| বিন্যাস: | গ্রন্থ |
| ভাষা: | স্প্যানিশ |
| প্রকাশিত: |
Madrid, España:
Gredos,
1992.
|
| সংস্করন: | Tercera edición corregida y muy aumentada. |
| বিষয়গুলি: | |
| ট্যাগগুলো: |
ট্যাগ যুক্ত করুন
কোনো ট্যাগ নেই, প্রথমজন হিসাবে ট্যাগ করুন!
|
MARC
| LEADER | 00000cam a2200000 a 4500 | ||
|---|---|---|---|
| 001 | UCD1713 | ||
| 003 | CL-VaPUC | ||
| 005 | 20220822114457.0 | ||
| 008 | 160324e19921000sp |||||||||||||||||spa|d | ||
| 999 | |c 435868 |d 435866 | ||
| 020 | |a 84-249-0996-8 | ||
| 040 | |c Pontificia Universidad Católica de Valparaíso | ||
| 082 | 0 | 4 | |a 473 HER 1992 |2 21 |
| 100 | |a Herrero Llorente, Víctor-José |e autor |9 584867 | ||
| 245 | 1 | 0 | |a Diccionario de expresiones y frases latinas |
| 250 | |a Tercera edición corregida y muy aumentada. | ||
| 260 | |a Madrid, España: |b Gredos, |c 1992. | ||
| 300 | |a 530 páginas. | ||
| 500 | |a c.1 Donación Familia Prof. Alejandro Guzmán Brito. | ||
| 583 | |a last modification |c 20160324 12:59:00 |k Cristina María Rojas Aguilar | ||
| 650 | 7 | |a Modismos |2 CL-VaPUC |9 416810 |x Diccionarios | |
| 650 | 7 | |a Latín |x Palabras y locuciones |x Diccionarios |9 870393 | |
| 942 | |c BK |2 ddc |n 0 | ||
| 952 | |0 0 |1 0 |2 ddc |4 0 |6 473_000000000000000_HER_1992 |7 0 |8 C_AGB |9 583543 |a BIBDER |b BIBDER |d 2022-06-08 |e Donación |i 5651663 |o 473 HER 1992 |p 5651663 |r 2023-01-25 |t 1 |w 2022-06-08 |y BK_US |k AGB | ||